000 01740cam a22004094a 4500
999 _c41469
_d41469
001 12136998
003 OSt
005 20220524144545.0
008 000810s2001 njua bf 001 0 eng c
010 _a 00063628
020 _a058538715X (electronic bk.)
020 _a0805814957 (alk. paper)
035 _a(DNLM)100962160
040 _aDNLM/DLC
_cDLC
_dDLC
042 _apcc
050 0 0 _aR726.7
_b.H3645 2001
060 1 0 _aWB 103
_bH2363 2001
082 0 0 _a616.0019
_221
_bBAU/H
245 0 0 _aHandbook of health psychology /
_c[edited by] Andrew Baum, Tracey A. Revenson, Jerome E. Singer.
260 _aMahwah, N.J. :
_bLawrence Erlbaum Associates,
_cc2001.
300 _axx, 961 p. :
_bill. ;
_c29 cm.
504 _aIncludes bibliographical references and indexes.
530 _aAlso available as an electronic book via the World Wide Web to institutions affiliated with netLibrary, Inc.
650 0 _aClinical health psychology
_vHandbooks, manuals, etc.
650 0 _aMedicine and psychology
_vHandbooks, manuals, etc.
650 1 2 _aBehavioral Medicine.
650 2 2 _aAttitude to Health.
650 2 2 _aDisease
_xpsychology.
650 2 2 _aHealth Behavior.
700 1 _aBaum, Andrew
_99029
700 1 _aRevenson, Tracey A.
_99030
700 1 _aSinger, Jerome E.
_99031
856 4 2 _3Publisher description
_uhttp://www.loc.gov/catdir/enhancements/fy0634/00063628-d.html
906 _a7
_bcbc
_corignew
_d1
_eocip
_f19
_gy-gencatlg
942 _2ddc
_cBK
_h616.0019
_iBAU/H
_k616.0019
_mBAU/H